| 000 | 00895cab a2200193 4500 | ||
|---|---|---|---|
| 001 | ##L134465 | ||
| 008 | 060808n2006 000 0 eng u | ||
| 035 | _a(Sirsi) u134465 | ||
| 041 | 0 | _aeng | |
| 100 | 1 | _aMcGowan, Amy | |
| 245 | 0 | 0 | _aLet's do it |
| 260 | _c2006 | ||
| 490 | 0 |
_aRIBA Journal _v113(8) August 2006, 48-49(2) |
|
| 520 | _aReports on the construction of the Carbon 60 Research House at Nottingham University. This prototype house is designed to show how sustainable energy technologies combined with modern construction methods can make an energy-efficient, cost-effective home easy to build. A further five demonstration houses, each testing different design innovations, are planned to be built over the next three years. Cutaway diagram of house. | ||
| 590 | _aIKA220806 | ||
| 651 | 4 |
_aEngland _y886- |
|
| 690 | _aBUILT ENVIRONMENT-SUSTAINABLE CONSTRUCTION | ||
| 942 | _n0 | ||
| 999 |
_c77532 _d77532 |
||